000 00906nam a2200253Ia 4500
003 OSt
005 20220923215739.0
006 a|||||r|||| 00| 0
007 ta
008 220922b |||||||| |||| 00| 0 hin d
024 _a181,444
037 _cTextual
040 _aARTS
_cARTS
_bhin
041 _2hin
_ahin
082 _aO152,1:gN, L8
100 _aकिशोर नंदन
245 0 _aहिन्दी की आधुनिक प्रबन्ध कविता का पौराणिक आधार
246 _aHindī kī ādhunik prabandha kavitā kā paurāṇik ādhāra
260 _aदिल्ली
_b प्रकाशन संस्थान
_c1978
300 _a184 पृ.
_ccm.
650 _aहिन्दी साहित्य
_9156264
942 _hO152,1:gN, L8
_cTEXL
_2CC
999 _c334821
_d334821